| 000 | 00379nam a2200145Ia 4500 | ||
|---|---|---|---|
| 005 | 20250729165759.0 | ||
| 008 | 250729s2016 xx 000 0 und d | ||
| 041 | _aeng | ||
| 082 | _a530.25 GIRC | ||
| 100 |
_aDr.Girish S _9232825 |
||
| 245 | _aContent Pedagogy of Physical Science | ||
| 260 |
_aBangalore _bHalluru Prakahan _c2016 |
||
| 300 | _a555p | ||
| 650 |
_aScience _9232826 |
||
| 999 |
_c239975 _d239975 |
||